Detalles MARC
| 000 -Cabecera |
| Campo de control de longitud fija |
01862aam a2200637 4500 |
| 005 - Fecha y hora de la última transacción |
| Campo de control |
20251014195739.0 |
| 008 - Elementos de longitud fija--Información general |
| Campo de control de longitud fija |
150313b2019 xxu||||| |||| 00| 0 spa d |
| 020 ## - International Standard Book Number |
| Número Internacional Estándar del Libro (ISBN) |
9789968460651 |
| 041 ## - Idioma |
| Código de idioma |
Español |
| 082 ## - Clasificación Decimal Dewey |
| Número de clasificación |
302.224.2 M958t2 |
| 100 ## - Entrada principal--Autor personal |
| Nombre personal |
Müller Delgado, Martha Virginia |
| 9 (RLIN) |
361 |
| 245 ## - Título propiamente dicho |
| Título |
Técnicas de comunicación oral |
| 250 ## - Edición |
| Mención de edición |
2 edición |
| 260 ## - Pie de imprenta |
| Lugar de publicación, distribución, etc. |
Costa Rica |
| Fecha de publicación, distribución, etc. |
2019 |
| 260 ## - Pie de imprenta |
| Nombre del editor, distribuidor, etc. |
EUCR |
| 300 ## - Descripción física |
| Extensión |
120 páginas |
| 490 ## - Serie |
| Título de la Serie |
Temática General |
| 650 ## - Materia general |
| Temática (materia general) |
COMUNICACIÓN ORAL |
| 650 ## - Materia general |
| Temática (materia general) |
EXPRESIÓN Y COMUNICACIÓN |
| 650 ## - Materia general |
| Temática (materia general) |
ELEMENTOS DE LA COMUNICACIÓN |
| 650 ## - Materia general |
| Temática (materia general) |
TIPOS DE COMUNICACIÓN |
| 650 ## - Materia general |
| Temática (materia general) |
DIFERENCIA ENTRE COMUNICACION ORAL Y ESCRITA |
| 650 ## - Materia general |
| Temática (materia general) |
VENTAJAS DE LA COMUNICACIÓN ORAL |
| 650 ## - Materia general |
| Temática (materia general) |
CÓMO VENCER EL MIEDO, EL NERVIOSISMO Y LA TIMIDEZ |
| 650 ## - Materia general |
| Temática (materia general) |
EL ORADOR |
| 650 ## - Materia general |
| Temática (materia general) |
CUALIDADES DEL ORADOR |
| 650 ## - Materia general |
| Temática (materia general) |
EL RECEPTOR |
| 650 ## - Materia general |
| Temática (materia general) |
CARACTERÍSTICAS DEL PÚBLICO O AUDITORIO |
| 650 ## - Materia general |
| Temática (materia general) |
CÓMO REACCIONAR ANTE LAS INTERRUPCIONES |
| 650 ## - Materia general |
| Temática (materia general) |
FORMAS BREVES DEL DISCURSO |
| 650 ## - Materia general |
| Temática (materia general) |
DINÁMICAS DE GRUPOS |
| 650 ## - Materia general |
| Temática (materia general) |
FORO |
| 650 ## - Materia general |
| Temática (materia general) |
CINE-FORO |
| 650 ## - Materia general |
| Temática (materia general) |
DISCO-FORO |
| 650 ## - Materia general |
| Temática (materia general) |
PANEL - CINE - FORO |
| 650 ## - Materia general |
| Temática (materia general) |
SIMPOSIO - FORO |
| 650 ## - Materia general |
| Temática (materia general) |
PHILLIPS 6-6 |
| 650 ## - Materia general |
| Temática (materia general) |
COMISIÓN |
| 650 ## - Materia general |
| Temática (materia general) |
DINÁMICA DE GRUPOS CON PARTICIPACIÓN SELECTIVA |
| 650 ## - Materia general |
| Temática (materia general) |
SIMPOSIO |
| 650 ## - Materia general |
| Temática (materia general) |
MESA REDONDA |
| 650 ## - Materia general |
| Temática (materia general) |
DEBATE PÚBLICO |
| 650 ## - Materia general |
| Temática (materia general) |
PANEL |
| 650 ## - Materia general |
| Temática (materia general) |
ENTREVISTA |
| 650 ## - Materia general |
| Temática (materia general) |
DISERTACIONES EXTENSAS |
| 650 ## - Materia general |
| Temática (materia general) |
DISCURSO |
| 650 ## - Materia general |
| Temática (materia general) |
CONFERENCIAS |
| 650 ## - Materia general |
| Temática (materia general) |
CHARLAS |
| 650 ## - Materia general |
| Temática (materia general) |
TIPOS DE ORATORIA |
| 650 ## - Materia general |
| Temática (materia general) |
ESTRUCTURA DE LA DISERTACIÓN |
| 650 ## - Materia general |
| Temática (materia general) |
CÓMO PREPARAR UNA DISERTACIÓN |
| 650 ## - Materia general |
| Temática (materia general) |
LA ELOCUCIÓN |
| 650 ## - Materia general |
| Temática (materia general) |
LENGUAJE CORPORAL |
| 650 ## - Materia general |
| Temática (materia general) |
LA DICCIÓN Y VOZ |
| 942 ## - Punto de acceso adicional KOHA |
| Tipo de ítem KOHA |
Libro |
| Fuente del sistema de clasificación o colocación |
Dewey Decimal Classification |